000 00893nam a2200313 a 4500
003 AR-BaBNM
005 20251128205503.0
008 082120s2002 ||||||||||||||000 | spa||
020 _a950-581-132-2
040 _cAR-BaBNM
100 1 _aKafka, Franz
245 0 0 _aLa metamorfosis
260 _aBuenos Aires
_bColihue
_c1997
300 _a125 p.
_bil.
490 0 _aLiteraria. Leer y crear
_vv. 132
500 _aContiene propuestas de trabajo en p. 99
500 _aReferencias bibliográficas en p. 123
650 4 _aESCRITORES
650 4 _aLITERATURA CONTEMPORANEA
653 _aLITERATURA CHECA
653 _aCUENTO FANTASTICO
655 _aLITERATURA
700 1 _aBayer, Osvaldo
_etraductor
700 1 _aBayer, Esteban
_etraductor
700 1 _aArostegui, María Cristina
_ecolaborador
800 1 _aPetruzzi, Herminia
_edirector
942 _cBK
998 _cMARTIN
999 _c11591
_d11591